Mathematics And Statistics, Part-2 (Record no. 38960)

MARC details
000 -LEADER
fixed length control field 00504nam a2200193Ia 4500
008 - FIXED-LENGTH DATA ELEMENTS--GENERAL INFORMATION
fixed length control field 220531s9999 xx 000 0 und d
041 ## - LANGUAGE CODE
Language code of text/sound track or separate title eng
082 ## - DEWEY DECIMAL CLASSIFICATION NUMBER
Item number MAH
100 ## - MAIN ENTRY--PERSONAL NAME
Personal name Maharashtra State Board
9 (RLIN) 69457
245 ## - TITLE STATEMENT
Title Mathematics And Statistics, Part-2
250 ## - EDITION STATEMENT
Edition statement 1ST
260 ## - PUBLICATION, DISTRIBUTION, ETC. (IMPRINT)
Place of publication, distribution, etc. Pune
Name of publisher, distributor, etc. Maharashtra State Board
Date of publication, distribution, etc. 2014
300 ## - PHYSICAL DESCRIPTION
Extent 192
542 ## - INFORMATION RELATING TO COPYRIGHT STATUS
Copyright holder 15-01-2015
551 ## -
-- Commerce
-- Non-grant--C
650 ## - SUBJECT ADDED ENTRY--TOPICAL TERM
Topical term or geographic name as entry element Mathematics
9 (RLIN) 69458
906 ## - LOCAL DATA ELEMENT F, LDF (RLIN)
d 2014-2015
f 4230
Holdings
Withdrawn status Lost status Source of classification or shelving scheme Damaged status Not for loan Collection code Home library Current library Date acquired Vendor Cost, normal purchase price Total Checkouts Total Holds Full call number Barcode Date last seen Bill Date Koha item type Original Barcode
Withdrawn   Dewey Decimal Classification       Shri Siddhivinayak Mahila Mahavidyalaya Shri Siddhivinayak Mahila Mahavidyalaya 16/01/2015 Ved 71.00   10 /MAH/B/20428 SSMM-BK-20428 06/08/2022 06/08/2022 Books 010020428